000 01254na a2200289 4500
001 16058
003 MIRAKIL
005 20181213155217.0
008 161020b tu 000 0
035 _a16058
040 _aMilas
_btur
_cTR-AnCHP
041 _atur
082 _a324.213
_bM35a 1991-1992
090 _a324.213 M35a 1991-1992
100 _aMenderes, Adnan
245 _aAdnan Menderes'in konusmaları, demeçleri, makaleleri
_cAdnan Menderes; yayına hazırlayan Haluk Kılçık
260 _aAnkara
_bDemokratlar Kulübü Yayınları
_c1991-1992
300 _a9 c.
_bftg.
_c19 sm.
490 _aDemokratlar Kulübü Yayınları
_v3
505 _ac. 1. Aralık 1933-Mart 1950 -- c. 2. Mayıs 1950-Aralık1951 -- c. 3. Ocak 1952-Haziran 1953 -- c. 4. Temmuz 1953-Nisan 1954 -- c. 5. Mayıs 1954-Eylül 1955 -- c. 6. Ekim 1955-Eylül 1956 -- c. 7. Ekim 1956-Ekim 1957 -- c. 8. Kasım 1957-Aralık 1958 -- c. 9. Ocak 1959-Mayıs 1960
600 _aMenderes, Adnan
_cDP Genel başkanı
_xSöylev ve demeçler
_y1933-1960
650 _aDevlet adamları
_xSöylev ve demeçler
650 _aDemokrat Parti (DP)
_xSiyaset ve yönetim
651 _aTürkiye
_xSiyaset ve yönetim
_y1933-1960
700 _aKılçık, Haluk
942 _2dcc
_cBKS
999 _c8564
_d8564